[Event "Benasque op 44th"]
[Site "Benasque"]
[Date "2025.07.13"]
[Round "10"]
[White "Mendonca, Leon Luke"]
[Black "Pranav, Anand"]
[Result "0-1"]
[WhiteElo "2603"]
[BlackElo "2566"]
[PlyCount "124"]
[EventDate "2025.07.04"]
[EventType "swiss"]
[EventRounds "10"]
[EventCountry "ESP"]
[SourceTitle "CB29_2025"]
[SourceDate "2025.07.16"]
[SourceVersion "1"]
[SourceVersionDate "2025.07.16"]
[SourceQuality "1"]

1. c4 Nf6 2. Nf3 e6 3. b3 d5 4. Bb2 Bd6 5. e3 0-0 6. Nc3 Re8 7. d4 b6 8. Bd3 Bb7 9. 0-0 a6 10. Qc2 dxc4 11. bxc4 Bxf3 12. gxf3 Nbd7 13. f4 Qe7 14. Rad1 c5 15. Ne4 cxd4 16. Nxd6 Qxd6 17. Be2 e5 18. fxe5 Rxe5 19. Bxd4 Rg5+ 20. Kh1 Qc6+ 21. f3 Re8 22. Rg1 Rg6 23. Qf5 Qa4 24. Bd3 Qc6 25. Qh3 Rxg1+ 26. Rxg1 Ne5 27. Be2 Ng6 28. Qf5 Re6 29. Rb1 Qc7 30. c5 bxc5 31. Qxc5 Rc6 32. Qb4 Rc1+ 33. Rxc1 Qxc1+ 34. Kg2 h6 35. Qb8+ Kh7 36. Qb2 Qe1 37. Bd3 Qa5 38. Kf2 Qh5 39. Qb8 Qd5 40. Qb3 Qd7 41. a4 Nh5 42. Qc4 Qe7 43. Kf1 Qd7 44. Kg1 f5 45. Qc5 Nh4 46. Kf2 Qf7 47. Qe5 Qg6 48. Bf1 Qc6 49. Be2 Qg6 50. Ke1 Qg2 51. Kd1 Qg1+ 52. Kd2 Qg2 53. Kd3 Qh3 54. f4 Ng6 55. Qd6 Ngxf4+ 56. Kd2 Nxe2 57. Kxe2 f4 58. exf4 Qxh2+ 59. Kd1 Qxf4 60. Qb6 Qg4+ 61. Kd2 Qg6 62. a5 Nf4 0-1

[Event "Benasque op 44th"]
[Site "Benasque"]
[Date "2025.07.06"]
[Round "3"]
[White "Pranav, Anand"]
[Black "Navarro Martinez, Victor"]
[Result "1-0"]
[WhiteElo "2566"]
[BlackElo "2225"]
[PlyCount "91"]
[EventDate "2025.07.04"]
[EventType "swiss"]
[EventRounds "10"]
[EventCountry "ESP"]
[SourceTitle "CB29_2025"]
[SourceDate "2025.07.16"]
[SourceVersion "1"]
[SourceVersionDate "2025.07.16"]
[SourceQuality "1"]

1. d4 d5 2. Nf3 Nf6 3. Bf4 c5 4. e3 Nc6 5. Nbd2 cxd4 6. exd4 a6 7. c3 Bf5 8. Nh4 Bg4 9. Qb3 Na5 10. Qc2 e6 11. h3 Bh5 12. g4 Bg6 13. Nxg6 hxg6 14. Be2 Bd6 15. Be3 Qc7 16. h4 Nc6 17. a3 Bf4 18. 0-0-0 0-0-0 19. Kb1 Kb8 20. Rdg1 Ng8 21. Nf3 Nge7 22. Ng5 Rdf8 23. Qd2 Bd6 24. Ka2 Na5 25. b3 e5 26. dxe5 Bxe5 27. Rc1 Nac6 28. f4 Bd6 29. Bf3 Qa5 30. b4 Qc7 31. Kb2 Ka8 32. Rce1 Kb8 33. Ref1 d4 34. cxd4 a5 35. d5 Na7 36. Ne4 Rd8 37. Rc1 Qd7 38. Nxd6 Qxd6 39. Bc5 Qd7 40. Bb6 Rc8 41. d6 Nb5 42. Rhd1 Rxc1 43. Rxc1 Rxh4 44. Rc7 Qxd6 45. Rxb7+ Kc8 46. Qc2+ 1-0

[Event "Dubai op-A 25th"]
[Site "Dubai"]
[Date "2025.06.03"]
[Round "8"]
[White "Pranav, Anand"]
[Black "Strybuk, Artsiom I"]
[Result "1/2-1/2"]
[WhiteElo "2555"]
[BlackElo "2433"]
[PlyCount "65"]
[EventDate "2025.05.27"]
[EventType "swiss"]
[EventRounds "9"]
[EventCountry "UAE"]
[SourceTitle "CB23_2025"]
[SourceDate "2025.06.04"]
[SourceVersion "1"]
[SourceVersionDate "2025.06.04"]
[SourceQuality "1"]

1. d4 Nf6 2. c4 g6 3. f3 e6 4. e4 c5 5. d5 d6 6. Nc3 Bg7 7. Nge2 exd5 8. cxd5 a6 9. a4 Nbd7 10. Ng3 h5 11. Be2 h4 12. Nf1 Nh7 13. Ne3 0-0 14. 0-0 Re8 15. Kh1 b6 16. Bd2 Rb8 17. Qc2 Bd4 18. Nc4 Ne5 19. Nxe5 Bxe5 20. f4 Bd4 21. Bd3 h3 22. g3 f5 23. exf5 Bb7 24. Rfe1 Nf6 25. Bf1 Kg7 26. Rxe8 Qxe8 27. Bxh3 Qh8 28. Bg2 Ng4 29. h4 Nf2+ 30. Kh2 Ng4+ 31. Kh1 Nf2+ 32. Kg1 Ng4+ 33. Kh1 1/2-1/2

[Event "Dubai op-A 25th"]
[Site "Dubai"]
[Date "2025.05.31"]
[Round "5"]
[White "Vivaan, Vishal Shah"]
[Black "Pranav, Anand"]
[Result "0-1"]
[WhiteElo "2410"]
[BlackElo "2555"]
[PlyCount "54"]
[EventDate "2025.05.27"]
[EventType "swiss"]
[EventRounds "9"]
[EventCountry "UAE"]
[SourceTitle "CB23_2025"]
[SourceDate "2025.06.04"]
[SourceVersion "1"]
[SourceVersionDate "2025.06.04"]
[SourceQuality "1"]

1. e4 c5 2. Nf3 Nc6 3. d4 cxd4 4. Nxd4 Nf6 5. Nc3 e5 6. Ndb5 d6 7. Nd5 Nxd5 8. exd5 Nb8 9. c4 Nd7 10. Be2 Be7 11. 0-0 0-0 12. Qc2 a6 13. Nc3 f5 14. f3 Bg5 15. a4 Bxc1 16. Qxc1 a5 17. f4 Nc5 18. fxe5 Nb3 19. Qe3 f4 20. Rxf4 Rxf4 21. Ra3 Qg5 22. Qg3 Qxe5 23. Rxb3 Bg4 24. Qd3 Raf8 25. h3 Bxe2 26. Qxe2 Rf1+ 27. Qxf1 Qd4+ 0-1

[Event "Sharjah Masters-A 8th"]
[Site "Sharjah"]
[Date "2025.05.25"]
[Round "9"]
[White "Samunenkov, Igor"]
[Black "Pranav, Anand"]
[Result "0-1"]
[WhiteElo "2572"]
[BlackElo "2555"]
[PlyCount "122"]
[EventDate "2025.05.17"]
[EventType "swiss"]
[EventRounds "9"]
[EventCountry "UAE"]
[SourceTitle "CB22_2025"]
[SourceDate "2025.05.28"]
[SourceVersion "1"]
[SourceVersionDate "2025.05.28"]
[SourceQuality "1"]

1. e4 c5 2. c3 Nf6 3. e5 Nd5 4. Bc4 Nb6 5. Bb3 d5 6. exd6 Qxd6 7. Na3 a6 8. Ne2 Nc6 9. 0-0 e6 10. d4 cxd4 11. cxd4 Qd8 12. Nb1 Bd6 13. Nbc3 0-0 14. Re1 Qh4 15. Ng3 Qxd4 16. Be3 Qxd1 17. Raxd1 Bc7 18. Nge4 Rd8 19. Rxd8+ Bxd8 20. Rd1 Nd7 21. Na4 b5 22. Nac3 Be7 23. Nd6 Nf6 24. Bb6 Bd7 25. f4 Be8 26. a4 b4 27. Na2 Nd7 28. a5 Nxb6 29. axb6 Na5 30. Nxe8 Rxe8 31. Ba4 Rb8 32. Rd7 Bc5+ 33. Kf1 Rxb6 34. Nc1 Rd6 35. Nd3 Rxd7 36. Bxd7 Bd6 37. Bc8 h6 38. Kf2 g5 39. g3 Kg7 40. Bxa6 Nc6 41. Kf3 Kg6 42. Bb7 Nd4+ 43. Ke4 Nb3 44. Kf3 Na5 45. Ba6 Nb3 46. Bb7 Nd2+ 47. Ke2 Nc4 48. Kf3 f5 49. Ba6 Nb6 50. b3 Kf6 51. h3 Nd5 52. Bb5 Nc3 53. Bc4 Ne4 54. fxg5+ hxg5 55. g4 Nd2+ 56. Ke3 Nxc4+ 57. bxc4 Bf4+ 58. Ke2 b3 59. c5 Ke7 60. gxf5 exf5 61. h4 Bc1 0-1

[Event "Sharjah Masters-A 8th"]
[Site "Sharjah"]
[Date "2025.05.22"]
[Round "6"]
[White "Pranav, Anand"]
[Black "Huang, Renjie"]
[Result "1-0"]
[WhiteElo "2555"]
[BlackElo "2491"]
[PlyCount "38"]
[EventDate "2025.05.17"]
[EventType "swiss"]
[EventRounds "9"]
[EventCountry "UAE"]
[SourceTitle "CB22_2025"]
[SourceDate "2025.05.28"]
[SourceVersion "1"]
[SourceVersionDate "2025.05.28"]
[SourceQuality "1"]

1. e4 c5 2. Nf3 e6 3. c3 d5 4. e5 d4 5. d3 Ne7 6. g3 Nbc6 7. Bg2 dxc3 8. bxc3 b6 9. 0-0 Ba6 10. Qa4 Bb7 11. Na3 Qd7 12. Ng5 Nd5 13. Bb2 Be7 14. h4 h6 15. Nh3 0-0 16. Rfe1 Rfd8 17. Rad1 Bf8 18. Qg4 Na5 19. Nb1 Ne7 1-0

[Event "Sharjah Masters-A 8th"]
[Site "Sharjah"]
[Date "2025.05.21"]
[Round "5"]
[White "Sevian, Samuel"]
[Black "Pranav, Anand"]
[Result "1/2-1/2"]
[WhiteElo "2694"]
[BlackElo "2555"]
[PlyCount "40"]
[EventDate "2025.05.17"]
[EventType "swiss"]
[EventRounds "9"]
[EventCountry "UAE"]
[SourceTitle "CB22_2025"]
[SourceDate "2025.05.28"]
[SourceVersion "1"]
[SourceVersionDate "2025.05.28"]
[SourceQuality "1"]

1. d4 Nf6 2. c4 e6 3. Nf3 d5 4. g3 Be7 5. Bg2 0-0 6. 0-0 dxc4 7. Qc2 b5 8. a4 b4 9. Nfd2 Nd5 10. Nxc4 c5 11. dxc5 Ba6 12. Ne3 Nd7 13. Nxd5 exd5 14. c6 Rc8 15. Rd1 Ne5 16. Rxd5 Rxc6 17. Nc3 Qc7 18. Rxe5 Rxc3 19. bxc3 Qxe5 20. Qe4 Qxe4 1/2-1/2

[Event "Sharjah Masters-A 8th"]
[Site "Sharjah"]
[Date "2025.05.19"]
[Round "3"]
[White "Giri, Anish"]
[Black "Pranav, Anand"]
[Result "1-0"]
[WhiteElo "2738"]
[BlackElo "2555"]
[PlyCount "99"]
[EventDate "2025.05.17"]
[EventType "swiss"]
[EventRounds "9"]
[EventCountry "UAE"]
[SourceTitle "CB22_2025"]
[SourceDate "2025.05.28"]
[SourceVersion "1"]
[SourceVersionDate "2025.05.28"]
[SourceQuality "1"]

1. Nf3 Nf6 2. g3 d5 3. Bg2 e6 4. 0-0 c5 5. d3 Nc6 6. a4 Be7 7. Bf4 Bd6 8. Bxd6 Qxd6 9. Nbd2 e5 10. e4 d4 11. Kh1 h6 12. Ng1 h5 13. Nc4 Qc7 14. Bh3 Bxh3 15. Nxh3 h4 16. g4 Qd7 17. Rg1 0-0-0 18. f4 exf4 19. Qf3 Nh7 20. Qxf4 Nf8 21. Raf1 f6 22. Qf5 Ne6 23. Nf4 Nxf4 24. Rxf4 b6 25. g5 Qxf5 26. Rxf5 Ne7 27. Rf3 fxg5 28. Rxg5 g6 29. Rf7 Kd7 30. Rxg6 Rdf8 31. Ne5+ Ke8 32. Rxf8+ Rxf8 33. Rh6 Kd8 34. Kg2 Rg8+ 35. Kh3 Rg1 36. Rf6 Ra1 37. b3 Rc1 38. Rf2 Kc7 39. Kxh4 Kd6 40. Ng4 Nc6 41. Kg5 Nb4 42. h4 Nxc2 43. h5 Ne3 44. h6 Rg1 45. Rf4 Rh1 46. Kg6 Rh4 47. Nxe3 Rxf4 48. Nf5+ Ke6 49. h7 Rg4+ 50. Kh5 1-0

[Event "Asia-ch"]
[Site "Al Ain"]
[Date "2025.05.11"]
[Round "5"]
[White "Srihari, LR."]
[Black "Pranav, Anand"]
[Result "1/2-1/2"]
[WhiteElo "2468"]
[BlackElo "2555"]
[PlyCount "61"]
[EventDate "2025.05.07"]
[EventType "swiss"]
[EventRounds "9"]
[EventCountry "UAE"]
[SourceTitle "CB21_2025"]
[SourceDate "2025.05.21"]
[SourceVersion "1"]
[SourceVersionDate "2025.05.21"]
[SourceQuality "1"]

1. Nf3 Nf6 2. g3 d5 3. Bg2 e6 4. 0-0 c5 5. d3 Nc6 6. a4 Be7 7. Bf4 h6 8. Ne5 Nxe5 9. Bxe5 0-0 10. e4 Nd7 11. Bf4 e5 12. Bd2 dxe4 13. dxe4 Nf6 14. Bc3 Qc7 15. Na3 Bg4 16. Qe1 Nd7 17. Nc4 Be6 18. Qe2 Rad8 19. Rfe1 Rfe8 20. Bf3 Bf6 21. Bg4 Nb8 22. Bxe6 fxe6 23. Ba5 b6 24. Bd2 Nc6 25. c3 Qf7 26. Be3 Qg6 27. Red1 Be7 28. Rxd8 Rxd8 29. f3 Qe8 30. Rd1 Rd7 31. Rd2 1/2-1/2

[Event "Menorca op-A 4th"]
[Site "Ciutadella"]
[Date "2025.04.26"]
[Round "8"]
[White "Pranav, Anand"]
[Black "Zanan, Evgeny"]
[Result "1/2-1/2"]
[WhiteElo "2538"]
[BlackElo "2454"]
[PlyCount "96"]
[EventDate "2025.04.22"]
[EventType "swiss"]
[EventRounds "9"]
[EventCountry "ESP"]
[SourceTitle "CB18_2025"]
[SourceDate "2025.04.30"]
[SourceVersion "1"]
[SourceVersionDate "2025.04.30"]
[SourceQuality "1"]

1. e4 e5 2. Nf3 Nc6 3. Bb5 a6 4. Ba4 Nf6 5. 0-0 Be7 6. d3 b5 7. Bb3 d6 8. c3 0-0 9. h3 Na5 10. Bc2 c5 11. d4 cxd4 12. cxd4 Nc6 13. d5 Nb4 14. Bb3 a5 15. a3 Na6 16. Bc2 Bd7 17. Be3 Qc7 18. Nbd2 Rfc8 19. Rc1 Qb7 20. Qe2 Nc5 21. b3 Bd8 22. Bb1 Bb6 23. Bg5 Bd8 24. Kh2 h6 25. Be3 Bb6 26. Nh4 a4 27. b4 Nb3 28. Nxb3 axb3 29. Rxc8+ Rxc8 30. Bc1 Qa7 31. Nf3 Rxc1 32. Rxc1 Bxf2 33. Rf1 Be3 34. g3 Nh5 35. Nd2 Bxd2 36. Qxd2 Qxa3 37. Qc3 Nf6 38. Rf2 h5 39. Rb2 Qa7 40. Kg2 Nh7 41. h4 g5 42. Rxb3 Bh3+ 43. Kh1 Qf2 44. Qf3 Qe1+ 45. Kh2 Qd2+ 46. Kg1 Qe1+ 47. Kh2 Qd2+ 48. Kg1 Qe1+ 1/2-1/2

[Event "Menorca op-A 4th"]
[Site "Ciutadella"]
[Date "2025.04.24"]
[Round "5"]
[White "Murzin, Volodar"]
[Black "Pranav, Anand"]
[Result "1/2-1/2"]
[WhiteElo "2658"]
[BlackElo "2538"]
[PlyCount "69"]
[EventDate "2025.04.22"]
[EventType "swiss"]
[EventRounds "9"]
[EventCountry "ESP"]
[SourceTitle "CB18_2025"]
[SourceDate "2025.04.30"]
[SourceVersion "1"]
[SourceVersionDate "2025.04.30"]
[SourceQuality "1"]

1. d4 Nf6 2. c4 e6 3. Nf3 d5 4. g3 Bb4+ 5. Bd2 Be7 6. Bg2 Nbd7 7. 0-0 c6 8. Qc2 0-0 9. Bf4 a5 10. Rd1 b6 11. Nc3 Ba6 12. Ne5 Nxe5 13. dxe5 Nd7 14. cxd5 cxd5 15. e4 d4 16. Rxd4 Qc7 17. Rc1 Nc5 18. Rcd1 Rfd8 19. Bf1 Rxd4 20. Rxd4 Bxf1 21. Kxf1 g5 22. Be3 Qxe5 23. Qe2 Rd8 24. Rxd8+ Bxd8 25. Qb5 Kg7 26. f3 Qd6 27. Ke2 Bf6 28. Nd1 h6 29. Nf2 Bd4 30. Bxd4+ Qxd4 31. Qxb6 Qc4+ 32. Ke3 Qc1+ 33. Ke2 Qc4+ 34. Ke3 Qc1+ 35. Ke2 1/2-1/2

[Event "Menorca op-A 4th"]
[Site "Ciutadella"]
[Date "2025.04.24"]
[Round "4"]
[White "Pranav, Anand"]
[Black "Royal, Shreyas"]
[Result "1-0"]
[WhiteElo "2538"]
[BlackElo "2465"]
[PlyCount "87"]
[EventDate "2025.04.22"]
[EventType "swiss"]
[EventRounds "9"]
[EventCountry "ESP"]
[SourceTitle "CB18_2025"]
[SourceDate "2025.04.30"]
[SourceVersion "1"]
[SourceVersionDate "2025.04.30"]
[SourceQuality "1"]

1. e4 c5 2. Nf3 Nc6 3. Bb5 e6 4. Bxc6 bxc6 5. d3 Qc7 6. Qe2 e5 7. Nfd2 Ne7 8. h4 d6 9. h5 h6 10. Nc4 Be6 11. Nba3 Nc8 12. f4 Nb6 13. fxe5 Nxc4 14. Nxc4 d5 15. exd5 cxd5 16. Nd2 Be7 17. Nf3 d4 18. Bf4 Qb6 19. b3 0-0 20. Nd2 f6 21. exf6 Rxf6 22. 0-0 Qc6 23. Rae1 Re8 24. Ne4 Rff8 25. Qf3 Qd5 26. Nd6 Bxd6 27. Qxd5 Bxd5 28. Rxe8 Rxe8 29. Bxd6 c4 30. dxc4 Be4 31. Bc5 Bxc2 32. Bxd4 a5 33. c5 Be4 34. Rf4 a4 35. Rg4 g5 36. hxg6 a3 37. b4 Bd5 38. Rh4 Re4 39. Rxe4 Bxe4 40. g7 Bd5 41. b5 Bxa2 42. b6 Bd5 43. Kf2 h5 44. g3 1-0

[Event "Menorca op-A 4th"]
[Site "Ciutadella"]
[Date "2025.04.23"]
[Round "2"]
[White "Pranav, Anand"]
[Black "Benkovic, Petar"]
[Result "1-0"]
[WhiteElo "2538"]
[BlackElo "2351"]
[PlyCount "59"]
[EventDate "2025.04.22"]
[EventType "swiss"]
[EventRounds "9"]
[EventCountry "ESP"]
[SourceTitle "CB18_2025"]
[SourceDate "2025.04.30"]
[SourceVersion "1"]
[SourceVersionDate "2025.04.30"]
[SourceQuality "1"]

1. e4 c5 2. Nf3 a6 3. c3 d5 4. exd5 Qxd5 5. d4 Nf6 6. Be3 cxd4 7. cxd4 e6 8. Nc3 Qd8 9. Bd3 Nc6 10. a3 g6 11. 0-0 Bg7 12. Rc1 0-0 13. Re1 b6 14. Ne4 Bb7 15. Nxf6+ Bxf6 16. Be4 Na5 17. Nd2 Bg7 18. b4 Bxe4 19. Nxe4 Nb7 20. Qf3 h6 21. Rc6 b5 22. Rd1 a5 23. h3 axb4 24. axb4 Ra3 25. d5 exd5 26. Rxd5 Qe8 27. Nf6+ Bxf6 28. Qxf6 Kh7 29. Rc7 Nd8 30. Rxd8 1-0

[Event "San Vicente op 9th"]
[Site "San Vicente"]
[Date "2025.04.21"]
[Round "9"]
[White "Pranav, Anand"]
[Black "Dushyant, Sharma"]
[Result "1/2-1/2"]
[WhiteElo "2538"]
[BlackElo "2313"]
[PlyCount "66"]
[EventDate "2025.04.16"]
[EventType "swiss"]
[EventRounds "9"]
[EventCountry "ESP"]
[SourceTitle "CB17_2025"]
[SourceDate "2025.04.23"]
[SourceVersion "1"]
[SourceVersionDate "2025.04.23"]
[SourceQuality "1"]

1. e4 e5 2. Nf3 Nc6 3. Bb5 a6 4. Ba4 Nf6 5. Nc3 Bb4 6. 0-0 0-0 7. d3 Bxc3 8. bxc3 d6 9. Bg5 Qe7 10. Re1 h6 11. Bh4 Nd8 12. d4 Ne6 13. dxe5 dxe5 14. Nxe5 Nc5 15. Nd3 Nxa4 16. e5 g5 17. exf6 Qxf6 18. Bg3 Nxc3 19. Qh5 Qg6 20. Qf3 Qf5 21. Qe3 Be6 22. Qd4 Nb5 23. Qb2 Nd6 24. h4 Rfe8 25. hxg5 hxg5 26. Bxd6 cxd6 27. Qxb7 Bc4 28. Qc6 Rxe1+ 29. Rxe1 Qd5 30. Qd7 Bxd3 31. cxd3 Qxd3 32. Re3 Qd1+ 33. Kh2 Kg7 1/2-1/2

[Event "San Vicente op 9th"]
[Site "San Vicente"]
[Date "2025.04.20"]
[Round "7"]
[White "Pranav, Anand"]
[Black "Flores Quillas, Diego Saul Rodrigo"]
[Result "1/2-1/2"]
[WhiteElo "2538"]
[BlackElo "2400"]
[PlyCount "122"]
[EventDate "2025.04.16"]
[EventType "swiss"]
[EventRounds "9"]
[EventCountry "ESP"]
[SourceTitle "CB17_2025"]
[SourceDate "2025.04.23"]
[SourceVersion "1"]
[SourceVersionDate "2025.04.23"]
[SourceQuality "1"]

1. d4 Nf6 2. c4 e6 3. Nf3 b6 4. g3 Bb7 5. Bg2 Bb4+ 6. Bd2 Be7 7. 0-0 0-0 8. Qc2 c5 9. dxc5 bxc5 10. Nc3 d5 11. cxd5 exd5 12. Nh4 Nc6 13. Nf5 Nd4 14. Qd3 Nxf5 15. Qxf5 Qb6 16. Bg5 Qe6 17. Qc2 Rab8 18. Bxf6 Bxf6 19. Na4 c4 20. Rad1 Bc6 21. e3 Rfd8 22. Nc3 d4 23. exd4 Bxg2 24. Kxg2 Bxd4 25. Rfe1 Qf6 26. Re4 g6 27. Rf4 Qb6 28. Qe2 Bxc3 29. Rxd8+ Rxd8 30. bxc3 Qc6+ 31. Qe4 Rc8 32. Qxc6 Rxc6 33. a4 Kf8 34. Re4 Rc5 35. Kf3 f5 36. Rh4 Kg7 37. Rd4 Kf6 38. h4 Ke6 39. Kf4 h6 40. Rd8 Ra5 41. Rh8 Kf6 42. h5 g5+ 43. Ke3 Kg7 44. Rc8 Rxa4 45. Rc7+ Kf6 46. Rh7 Ke5 47. f4+ gxf4+ 48. gxf4+ Kd5 49. Re7 Ra1 50. Re5+ Kd6 51. Rxf5 Rd1 52. Ke4 Rd3 53. Rf6+ Kc5 54. Rxh6 Rxc3 55. f5 Rh3 56. f6 Kd6 57. f7+ Ke7 58. Rf6 Kf8 59. h6 c3 60. Kd4 c2 61. Rc6 Kxf7 1/2-1/2

[Event "Bengaluru Namma op 2nd"]
[Site "Bengaluru"]
[Date "2025.04.13"]
[Round "5"]
[White "Pranav, Anand"]
[Black "Deepan Chakkravarthy, J."]
[Result "1-0"]
[WhiteElo "2538"]
[BlackElo "2394"]
[PlyCount "67"]
[EventDate "2025.04.10"]
[EventType "swiss"]
[EventRounds "10"]
[EventCountry "IND"]
[SourceTitle "CB18_2025"]
[SourceDate "2025.04.30"]
[SourceVersion "1"]
[SourceVersionDate "2025.04.30"]
[SourceQuality "1"]

1. e4 c5 2. Nf3 d6 3. d4 cxd4 4. Nxd4 Nf6 5. Nc3 a6 6. Bg5 e6 7. Qf3 Nbd7 8. 0-0-0 Qc7 9. a3 b5 10. Bxf6 Nxf6 11. g4 Rb8 12. g5 Nd7 13. Qe3 Nb6 14. f4 Be7 15. Rg1 0-0 16. f5 Re8 17. Qh3 exf5 18. Nxf5 Bf8 19. Bd3 Re5 20. Qh4 g6 21. Rdf1 Qd8 22. Ne2 Nc4 23. Nf4 Bxf5 24. exf5 Qb6 25. fxg6 hxg6 26. Nh5 Be7 27. Nf6+ Bxf6 28. gxf6 Qe3+ 29. Kb1 Nd2+ 30. Ka2 Nxf1 31. Bxg6 fxg6 32. Rxg6+ Kf7 33. Qh7+ Ke6 34. f7+ 1-0

[Event "Bengaluru Namma op 2nd"]
[Site "Bengaluru"]
[Date "2025.04.11"]
[Round "3"]
[White "Pranav, Anand"]
[Black "Gomes, Mary Ann"]
[Result "1-0"]
[WhiteElo "2538"]
[BlackElo "2284"]
[PlyCount "89"]
[EventDate "2025.04.10"]
[EventType "swiss"]
[EventRounds "10"]
[EventCountry "IND"]
[SourceTitle "CB18_2025"]
[SourceDate "2025.04.30"]
[SourceVersion "1"]
[SourceVersionDate "2025.04.30"]
[SourceQuality "1"]

1. d4 Nf6 2. Bf4 d6 3. Nc3 Nbd7 4. Nf3 c5 5. e3 a6 6. a4 Qc7 7. d5 g6 8. h3 Bg7 9. Bc4 0-0 10. 0-0 Ne8 11. Nd2 Qb8 12. Bg5 Ndf6 13. e4 Kh8 14. a5 Bd7 15. Re1 Ng8 16. Bd3 Nc7 17. Nc4 Qe8 18. Bf4 Bb5 19. e5 Bxc4 20. Bxc4 dxe5 21. Bxe5 Bxe5 22. Rxe5 Qd8 23. Qe1 Ne8 24. Na4 Nd6 25. Bf1 Rc8 26. Qc3 Nf6 27. Nxc5 Kg8 28. Qb4 Qc7 29. Na4 Qxc2 30. Nc3 Rfe8 31. Rae1 Rc7 32. g4 Kf8 33. R5e2 Qd3 34. Rxe7 Rexe7 35. Rxe7 Qxf1+ 36. Kxf1 Kxe7 37. Qd4 Nfe8 38. b3 Kd8 39. Kg2 f5 40. g5 Re7 41. Na4 Ne4 42. b4 Nxg5 43. d6 Rd7 44. Qh4 h6 45. Nc5 1-0

[Event "Chessable Masters Play In"]
[Site "Chess.com INT"]
[Date "2025.02.17"]
[Round "2"]
[White "Pranav, Anand"]
[Black "Ter Sahakyan, Samvel"]
[Result "0-1"]
[WhiteElo "2538"]
[BlackElo "2611"]
[PlyCount "148"]
[EventDate "2025.02.17"]
[EventType "swiss (blitz)"]
[EventRounds "9"]
[EventCountry "USA"]
[SourceTitle "CB08_2025"]
[SourceDate "2025.02.19"]
[SourceVersion "1"]
[SourceVersionDate "2025.02.19"]
[SourceQuality "1"]

1. e4 c5 2. Nf3 Nc6 3. Bb5 Nf6 4. Nc3 g6 5. e5 Nh5 6. 0-0 Nd4 7. Bc4 Bg7 8. Re1 Nf4 9. d3 Nfe6 10. a4 0-0 11. h3 b6 12. Bd5 Rb8 13. Nxd4 cxd4 14. Nb5 a6 15. Na3 Bb7 16. Qf3 Bxd5 17. Qxd5 Qc7 18. Bd2 Rfc8 19. Rac1 Qc6 20. Qxc6 Rxc6 21. f4 b5 22. axb5 axb5 23. g3 h5 24. Kf2 f6 25. exf6 Bxf6 26. Kf3 Kf7 27. g4 Nc7 28. Re4 Nd5 29. g5 Bg7 30. Be1 Ne3 31. Bb4 e6 32. Re5 d5 33. c3 Bxe5 34. fxe5 Nf5 35. Ke2 Ke8 36. Kd2 Kd7 37. Rf1 dxc3+ 38. bxc3 Ra6 39. d4 Kc6 40. Kd3 Rba8 41. Nc2 Ra2 42. Rb1 R2a4 43. Rf1 R8a7 44. Bc5 Rf7 45. Nb4+ Kb7 46. Nc2 Ra5 47. Nb4 Kc8 48. Bb6 Ra4 49. Bc5 Kd7 50. Bb6 Ke8 51. Bc5 Ng3 52. Rf6 Rxf6 53. gxf6 Nf5 54. Nc6 Nh6 55. h4 Nf7 56. Ne7 g5 57. hxg5 Nxg5 58. Ng6 Ra1 59. Ke3 Rf1 60. Nh4 Kf7 61. Bb4 Rh1 62. Ng2 Rh3+ 63. Ke2 Rf3 64. Nh4 Rf4 65. Ng2 Re4+ 66. Kf2 h4 67. Ne3 h3 68. Nf1 Rg4 69. Ba3 Ne4+ 70. Kf3 Rg1 71. Nh2 Rg2 72. Ng4 Rg3+ 73. Kf4 Rxg4+ 74. Kxg4 h2 0-1

[Event "Kazakhstan Cup Final"]
[Site "Almaty"]
[Date "2024.11.15"]
[Round "2.2"]
[White "Pranav, Anand"]
[Black "Makhnev, Denis"]
[Result "0-1"]
[WhiteElo "2540"]
[BlackElo "2536"]
[PlyCount "76"]
[EventDate "2024.11.12"]
[EventType "k.o."]
[EventRounds "4"]
[EventCountry "KAZ"]
[SourceTitle "CB47_2024"]
[SourceDate "2024.11.20"]
[SourceVersion "1"]
[SourceVersionDate "2024.11.20"]
[SourceQuality "1"]

1. e4 e5 2. Nf3 Nc6 3. Bc4 Bc5 4. c3 Nf6 5. d3 d6 6. Bg5 h6 7. Bh4 a6 8. Nbd2 Ba7 9. 0-0 Qe7 10. b4 g5 11. Bg3 Nh7 12. Kh1 Nf8 13. a4 h5 14. h4 g4 15. Nh2 Ng6 16. Qe1 Nd8 17. f3 Ne6 18. b5 Nef4 19. Rb1 axb5 20. Bxb5+ Kf8 21. d4 Kg7 22. Bf2 c6 23. Bc4 d5 24. Be2 exd4 25. cxd4 Nxe2 26. Qxe2 Nxh4 27. Nb3 Bb8 28. e5 Qg5 29. f4 Qe7 30. Nc5 Nf5 31. g3 Ba7 32. Nb3 Nd6 33. Be1 Bf5 34. Bb4 Ne4 35. Qe1 Qd8 36. Nc5 h4 37. Nxb7 hxg3 38. Rb2 Qh4 0-1

[Event "Kazakhstan Cup Final"]
[Site "Almaty"]
[Date "2024.11.14"]
[Round "2.1"]
[White "Makhnev, Denis"]
[Black "Pranav, Anand"]
[Result "1/2-1/2"]
[WhiteElo "2536"]
[BlackElo "2540"]
[PlyCount "183"]
[EventDate "2024.11.12"]
[EventType "k.o."]
[EventRounds "4"]
[EventCountry "KAZ"]
[SourceTitle "CB47_2024"]
[SourceDate "2024.11.20"]
[SourceVersion "1"]
[SourceVersionDate "2024.11.20"]
[SourceQuality "1"]

1. Nf3 Nf6 2. c4 e6 3. g3 d5 4. Bg2 d4 5. 0-0 Nc6 6. d3 Bc5 7. Nbd2 0-0 8. Nb3 Be7 9. e3 dxe3 10. Bxe3 Ng4 11. Bc5 Bxc5 12. Nxc5 b6 13. Nb3 Bb7 14. d4 Rb8 15. Qd2 Ne7 16. Rad1 Nf6 17. Rfe1 Qd7 18. Qe2 Bxf3 19. Qxf3 Rfe8 20. Qc3 Rbd8 21. Rd3 Qa4 22. a3 c6 23. Bf3 Rd7 24. Bd1 Qa6 25. Bc2 Red8 26. Rf3 Qc8 27. Qe3 b5 28. Qe2 bxc4 29. Qxc4 Rd6 30. Re5 Qb8 31. Qe2 Rd5 32. h4 Ng6 33. Rg5 Rxg5 34. hxg5 Nd5 35. Be4 Qd6 36. Na5 Rf8 37. b4 Qd8 38. Qd2 Qb6 39. Rb3 Rd8 40. Rb1 Nde7 41. Rd1 e5 42. Nb3 exd4 43. Qb2 Nf8 44. Nc5 Qc7 45. Rxd4 Re8 46. Rd1 a5 47. Qd4 axb4 48. axb4 Qc8 49. Kg2 Neg6 50. Rd3 Ne5 51. Re3 Nfg6 52. Bxg6 Nxg6 53. Rxe8+ Qxe8 54. Qd7 Qxd7 55. Nxd7 Ne7 56. Nb8 Kf8 57. Kf3 Ke8 58. Ke4 Kd8 59. Na6 Kd7 60. Ke5 Ng6+ 61. Kd4 Kd6 62. Nc5 Kc7 63. Nd3 Kd6 64. Nc5 Kc7 65. Ne4 Nf8 66. f4 Nd7 67. Nc5 Nb6 68. Nd3 Nd5 69. b5 Ne7 70. bxc6 Nxc6+ 71. Kd5 Ne7+ 72. Ke4 Kd6 73. g4 Nc6 74. Nb2 Ke7 75. Nd3 f6 76. gxf6+ Kxf6 77. g5+ Kf7 78. Ne5+ Nxe5 79. Kxe5 h6 80. gxh6 gxh6 81. Kf5 h5 82. Kg5 h4 83. Kxh4 Kf6 84. Kg4 Kg6 85. f5+ Kf6 86. Kf4 Kf7 87. Kg5 Kg7 88. f6+ Kf7 89. Kf5 Kf8 90. Kg6 Kg8 91. f7+ Kf8 92. Kf6 1/2-1/2